000 00426nam a2200169Ia 4500
008 180921t2017 xxu||||| |||| 00| 1 sin d
041 _asin
080 _aX8C31
_bDAS
100 _aDasanayaka, Niluka
245 _aඋන්මාදිනී
246 _aUnmadinee
260 _bNayagara Prakashana
_aWathurugama
_c2017
300 _a188p., 18cm
942 _cBK
999 _c8803
_d8803
003 LK-CoDNM
040 _aLK-CoDNM
_dLK-CoDNM
_eLK-CoDNM